Aprender Raspberry Pi con 100 ejercicios prácticos

Guardat en:
Dades bibliogràfiques
Autor principal: Fábregas, Ferran (Autor)
Format: Llibre
Idioma:espanyol
Publicat: Cuernavaca, México Alfaomega- Marcombo 2018
Edició:2a. edición
Matèries:
Etiquetes: Afegir etiqueta
Sense etiquetes, Sigues el primer a etiquetar aquest registre!

MARC

LEADER 00000cam a2200000 a 4500
001 UCC7480
003 CL-VaPUC
005 20230327171655.0
008 190329e20180000mx |||||||||||||||||spa|d
999 |c 374109  |d 374107 
020 |a 9786075382722 
040 |c Pontificia Universidad Católica de Valparaíso 
082 0 4 |a 629.892 FAB 2018  |2 21 
100 0 |a Fábregas, Ferran  |e author  |9 602114 
245 1 0 |a Aprender Raspberry Pi con 100 ejercicios prácticos 
250 |a 2a. edición  
260 |a Cuernavaca, México  |b Alfaomega-  |b Marcombo  |c 2018 
300 |a 215 páginas  
583 |a last modification  |c 20190329 16:06:00  |k Rodrigo Vera 
650 0 |a Robótica   |9 263360 
650 0 |a Programación de computadores   |9 259531 
852 |a BIBCUR 
942 |c BK  |2 ddc 
945 |d 20190329 16:06:00  |a dcastane 
952 |0 0  |1 0  |3 erb  |4 0  |6 629_892000000000000_FAB_2018  |7 0  |8 A  |9 492495  |a BIBING  |b BIBING  |i 5541085  |l 1  |m 1  |o 629.892 FAB 2018  |p 5541085  |r 2025-01-20  |s 2023-03-29  |w 2019-11-24  |y BK  |z Catalogado en:20190329  |k CCI 
952 |0 0  |1 0  |3 erb  |4 0  |6 629_892000000000000_FAB_2018  |7 0  |8 A  |9 492496  |a BIBING  |b BIBING  |i 5541077  |o 629.892 FAB 2018  |p 5541077  |r 2025-01-20  |w 2019-11-24  |y BK  |z Catalogado en:20190329  |k CCI 
952 |0 0  |1 0  |3 erb  |4 0  |6 629_892000000000000_FAB_2018  |7 0  |8 A  |9 492497  |a BIBING  |b BIBING  |i 5541069  |o 629.892 FAB 2018  |p 5541069  |r 2025-01-20  |w 2019-11-24  |y BK  |z Catalogado en:20190329  |k CCI 
952 |0 0  |1 0  |2 ddc  |4 0  |6 629_892000000000000_FAB_2018  |7 0  |8 A  |9 577185  |a BIBING  |b BIBING  |d 2020-12-15  |e 82  |g 13929.00  |i 5579368  |l 1  |o 629.892 FAB 2018  |p 5579368  |r 2025-01-20  |s 2023-03-24  |t 4  |v 13929.00  |w 2020-12-15  |y BK  |k CCI 
952 |0 0  |1 0  |2 ddc  |4 0  |6 629_892000000000000_FAB_2018  |7 0  |8 A  |9 577186  |a BIBING  |b BIBING  |d 2020-12-15  |e 82  |g 13929.00  |i 5579376  |o 629.892 FAB 2018  |p 5579376  |r 2025-01-20  |t 5  |v 13929.00  |w 2020-12-15  |y BK  |k CCI